<?xml version="1.0" encoding="UTF-8"?>
<record
    xmlns:xsi="http://www.w3.org/2001/XMLSchema-instance"
    xsi:schemaLocation="http://www.loc.gov/MARC21/slim http://www.loc.gov/standards/marcxml/schema/MARC21slim.xsd"
    xmlns="http://www.loc.gov/MARC21/slim">

  <leader>00604nam  22002053  4500</leader>
  <controlfield tag="001">202859</controlfield>
  <datafield tag="010" ind1=" " ind2=" ">
    <subfield code="a">972-9338-13-2</subfield>
  </datafield>
  <datafield tag="021" ind1=" " ind2=" ">
    <subfield code="a">PT</subfield>
    <subfield code="b">96804/96</subfield>
  </datafield>
  <datafield tag="090" ind1=" " ind2=" ">
    <subfield code="a">202859</subfield>
  </datafield>
  <datafield tag="100" ind1=" " ind2=" ">
    <subfield code="a">20260703d        u||y0pory50      ba</subfield>
  </datafield>
  <datafield tag="200" ind1=" " ind2=" ">
    <subfield code="a">A solid&#xE3;o da verdade</subfield>
    <subfield code="f">Cunha de Leiradella</subfield>
  </datafield>
  <datafield tag="210" ind1=" " ind2=" ">
    <subfield code="a">Lisboa</subfield>
    <subfield code="c">Trinova</subfield>
    <subfield code="d">D.L.1996</subfield>
  </datafield>
  <datafield tag="215" ind1=" " ind2=" ">
    <subfield code="a">322 p. </subfield>
    <subfield code="c">brochado</subfield>
    <subfield code="d">21 cm</subfield>
  </datafield>
  <datafield tag="300" ind1=" " ind2=" ">
    <subfield code="a">Cont&#xE9;m dedicat&#xF3;ria na folha de rosto</subfield>
  </datafield>
  <datafield tag="606" ind1=" " ind2=" ">
    <subfield code="9">6</subfield>
    <subfield code="a">Literatura Portuguesa</subfield>
  </datafield>
  <datafield tag="675" ind1=" " ind2=" ">
    <subfield code="a">821.134.3-3"19"</subfield>
    <subfield code="v">PT</subfield>
    <subfield code="z">por</subfield>
  </datafield>
  <datafield tag="700" ind1=" " ind2=" ">
    <subfield code="9">17704</subfield>
    <subfield code="a">Leiradella</subfield>
    <subfield code="b">Cunha de</subfield>
    <subfield code="f">1934-</subfield>
  </datafield>
  <datafield tag="801" ind1=" " ind2=" ">
    <subfield code="a">PT</subfield>
    <subfield code="b">BMMN</subfield>
    <subfield code="g">RPC</subfield>
  </datafield>
  <datafield tag="830" ind1=" " ind2=" ">
    <subfield code="c">Ana Falardo</subfield>
    <subfield code="f">Ana Falardo</subfield>
  </datafield>
  <datafield tag="990" ind1=" " ind2=" ">
    <subfield code="c">LIVROS</subfield>
  </datafield>
  <datafield tag="995" ind1=" " ind2=" ">
    <subfield code="0">0</subfield>
    <subfield code="2">0</subfield>
    <subfield code="5">2026-07-03</subfield>
    <subfield code="9">32671</subfield>
    <subfield code="b">BMMN</subfield>
    <subfield code="f">32381</subfield>
    <subfield code="k">821.134.3-3 LEI|SAF</subfield>
    <subfield code="o">0</subfield>
    <subfield code="r">LIVROS</subfield>
    <subfield code="u">Acesso Condicionado</subfield>
    <subfield code="s">Oferta</subfield>
  </datafield>
</record>
